000 00362nam a2200157Ia 4500
003 OSt
005 20240124105030.0
008 170524s9999 xx 000 0 und d
020 _a978-8123912752
040 _cIIMT UNIVERSITY
100 _aJain-Subhash C.
100 _c2008
245 0 _aINTERNATIONAL MARKETING MANAGEMENT
260 _aCBS
942 _2ddc
_c02
999 _c2361
_d2361